MLB Signature Pitches - Statistics

General Stats
  • This quiz has been taken 17 times
  • The average score is 6 of 8
Answer Stats
Player Answer % Correct
Mariano Rivera Cutter
93%
Phil Niekro Knuckleball
93%
Roger Clemens Splitter
87%
Randy Johnson Slider
80%
Pedro Martinez Change-Up
73%
Paul Skenes Splinker
73%
Kodai Senga Forkball
67%
Clayton Kershaw 12-6 Curveball
40%
No matching quizzes found
Score Distribution
Percent of People with Each Score
Percentile by Number Answered
Your Score History
You have not taken this quiz